000 00550nam a22001817a 4500
005 20251108165845.0
008 250721s1981 xx 000 0 ara d
082 1 4 _aط/641/جوا
100 1 _aبخاري، جواد
245 1 0 _aطعامك /
264 1 _aعمان :
_bالجمعية العلميه الملكيه الأردنيه،
_c1981.
300 _a30ص؛مص
650 1 7 _aالطعام
653 _aاطفال مرحلة متوسطة (6-9) سنوات
700 1 _aالعيسى، إسماعيل
942 _2ddc
_cBK
999 _c33101
_d33101